000 00819nmm a2200253 a 4500
001 ocm000608158
003 TR-IsHL
005 20201028132556.0
008 131030s2004 tu tur
007 cr cn
020 _a9789756689929
035 _a608158
_b(N$T)
050 0 4 _aKKX998
_b.T87 2004
090 0 4 _aKKX998
_b.T87 2004
245 1 0 _aTürkiye'de sigorta hukukunun sorunları ve geleceği: sempozyum, 19-20 Kasım 2004, İstanbul
_h[electronic resource]
260 _aAnkara :
_bTürkiye Barolar Birliği,
_c2004
300 _a457 p.
650 4 _aHukuk
650 4 _aLaw
650 0 _aSigorta Hukuku
_x Türkiye
650 0 _aInsurance law
_x Turkey
650 7 _aLAW / Insurance
_2bisacsh
856 4 0 _uhttp://search.ebscohost.com/login.aspx?direct=true&scope=site&db=e011xww&AN=608158
999 _c5165
_d5165